| 000 | 00916nam a2200301 a 4500 | ||
|---|---|---|---|
| 001 | 000112708 | ||
| 003 | CHAP | ||
| 005 | 20250322162306.0 | ||
| 008 | 161005s2014 mx a |r| |||||||spa d | ||
| 010 | _a109169 | ||
| 011 | _a110141 | ||
| 020 | _a9786071718211 | ||
| 040 | _cCHAP | ||
| 082 | 0 | 0 |
_222 _a636.31 _bO96 2014 |
| 100 | 0 | 0 |
_aKoeslag, Johan H. _963613 |
| 245 | 1 | 0 |
_aOvinos / _cpor Johan H. Koeslag; con la colaboración de F. R. Kirchner Salinas ...[et al.]. |
| 250 | _a4 ed. | ||
| 260 |
_aMéxico : _bTrillas, _c2014. |
||
| 300 |
_a142 p. : _bil. |
||
| 490 | 1 | _aManuales para educación agropecuaria. Producción animal | |
| 590 |
_aE6096MTM _b05 _c20161005 |
||
| 650 | 1 | 4 |
_aGanado lanar. _945150 |
| 700 | 1 |
_aKirchner Salinas, F. R. _9131124 |
|
| 830 | 0 |
_aManuales para educación agropecuaria. Área producción animal (Trillas) _970694 |
|
| 901 | _aBK | ||
| 942 |
_c1 _2ddc |
||
| 942 |
_2ddc _c1 |
||
| 999 |
_c109169 _d109169 |
||